00840nam a2200253 a 450000100060000000300080000600500170001400800410003102000150007203500190008704000270010604100080013308200280014124500500016926000530021930000230027249000660029549000280036150000320038950400510042165000250047270000230049783000660052034936BD-RjUL20211209052232.0140520r19981994ii b 001 0 eng d a0195644549 a(BD-RjUL)35030 aDLCbengcDLCdBD-RjUL aeng04222a304.20954bSOC 199800aSocial ecology /cedited by Ramachandra Guha. aDelhi :bOxford University Press,cc1994 [1998]. ax, 398 p ;c22 cm.1 aOxford in India readings in sociology and social anthropology0 aOxford India paperbacks aOriginally published: 1994. aIncludes bibliographical references and index. 0aHuman ecologyzIndia1 aGuha, Ramachandra. 0aOxford in India readings in sociology and social anthropology